000 00980nam a2200229 i 4500
001 123499
003 ES-MaACL
005 20251011063129.0
007 t|
008 070214s1964 sp a |||| | spa d
100 1 _aQuilis, Antonio,
_d1933-2003
_994630
245 1 0 _aEstructura del encabalgamiento en la métrica española
_b: (contribución a su estudio experimental) /
_cAntonio Quilis.
260 _aMadrid :
_b[s.n.],
_c1964 (
_fImp. Aguirre)
300 _a194 p. :
_bil. ;
_c25 cm.
586 _aPremio "Menéndez Pelayo" de 1961. Consejo Superior de Investigaciones Científicas. Patronato Menéndez y Pelayo. Instituto Miguel de Cervantes. Revista de Filología Española, anejo LXXVII
650 4 _aLengua española-
_xVersificación.
_9147950
650 1 4 _aVersificación.
_9136980
710 2 _aInstituto "Miguel de Cervantes"
_95133
710 2 _aPatronato "Marcelino Menéndez Pelayo"
_96189
852 _aES-MaACL
_jC-25807
999 _c123499
_d123499